[Event "Toronto-ch Reserves"]
[Site "Toronto"]
[Date "2002.02.04"]
[Round "9"]
[White "Haziprodromu, Sam"]
[Black "De Jesus, Enrique"]
[Result "0-1"]
[WhiteElo "1979"]
[BlackElo "2002"]
[PlyCount "143"]
[EventDate "2002.01.??"]
[EventType "tourn"]
[EventRounds "11"]
[EventCountry "CAN"]
[SourceTitle "EXT 2006"]
[Source "ChessBase"]
[SourceDate "2005.11.24"]
[SourceVersion "1"]
[SourceVersionDate "2005.11.24"]
[SourceQuality "1"]

1. e4 c5 2. d4 cxd4 3. c3 dxc3 4. Nxc3 Nc6 5. Nf3 d6 6. Bc4 Nf6 7. e5 dxe5 8. Qxd8+ Nxd8 9. Nb5 Be6 10. Nc7+ Kd7 11. Nxa8 Bxc4 12. Nxe5+ Kc8 13. Nxc4 Kb8 14. 0-0 Kxa8 15. Ne5 e6 16. Rd1 Nd5 17. Bd2 Bd6 18. Nc4 Bc7 19. Rac1 Nc6 20. a3 Nd4 21. Kf1 Nb3 22. Rc2 Nd4 23. Rcc1 Nb3 24. Rb1 Rd8 25. Bg5 f6 26. Nd2 Nd4 27. Bh4 Nf5 28. Bg3 Bb6 29. Nc4 Bd4 30. Rd3 h5 31. h4 e5 32. Rbd1 Nxg3+ 33. Rxg3 Rd7 34. Rb3 Kb8 35. g3 a6 36. Ke2 b5 37. Ne3 Ne7 38. a4 Rb7 39. axb5 axb5 40. Nc2 Nc6 41. Nxd4 Nxd4+ 42. Rxd4 exd4 43. Kd3 Kc7 44. Kxd4 Kd6 45. Ke4 Ke6 46. Rb4 g6 47. Kd4 Kd6 48. Rb3 Rb8 49. Rf3 Rf8 50. b4 Rf7 51. Rc3 Rf8 52. Rc5 Rb8 53. f4 f5 54. Re5 Rb7 55. Ke3 Rb8 56. Kd2 Rd8 57. Ke3 Rb8 58. Kd4 Rb7 59. Re8 Rc7 60. Kd3 Rc4 61. Rg8 Rxb4 62. Rxg6+ Ke7 63. Rb6 Kf7 64. Kc3 Rc4+ 65. Kd3 Rb4 66. Ke3 Kg7 67. Kd3 Kf7 68. Rh6 Rb3+ 69. Kd4 Rxg3 70. Ke5 b4 71. Rh7+ Kg6 72. Rb7 0-1